000 00423nam a2200157 i 4500
001 70570
003 ES-MaACL
005 20230906170845.0
007 t|
008 040728s1962 sp ||||1| spa d
100 1 _aGarcía Viñó, M.
_955416
245 1 0 _aNos matarán jugando
_b: novela /
_cM. García Viñó.
260 _aMadrid :
_bCid,
_c[1962]
300 _a292 p. ;
_c22 cm.
852 _aES-MaACL
_jC-22068
_bR.50801
999 _c70570
_d70570